Foxpro 2.5 for dos make easy
| Main Author: | |
|---|---|
| Format: | Book |
| Subjects: |
MARC
| LEADER | 00000cam a2200000 7i4500 | ||
|---|---|---|---|
| 001 | 0000009944 | ||
| 002 | 000010832 | ||
| 005 | 20000330.0 | ||
| 020 | |a 0078818974 | ||
| 090 | 0 | 0 | |a 005.7565 |b JON |
| 100 | 1 | |a Jones, Edward | |
| 245 | 1 | 0 | |a Foxpro 2.5 for dos make easy |
| 650 | 0 | 0 | |a Foxpro 2.5 (information retrieral system) |
| 999 | |a 053048 |b BUKU |c PINJAMAN |e PERPUSTAKAAN KOMUNITI PETALING JAYA | ||